Instrumental quirúrgico (Registro nro. 5295)
[ vista simple ]
| 000 -CABECERA | |
|---|---|
| campo de control de longitud fija | 00713nam a2200205 i 4500 |
| 001 - NÚMERO DE CONTROL | |
| campo de control | Rebiun24955595 |
| 003 - IDENTIFICADOR DEL NÚMERO DE CONTROL | |
| campo de control | AR-RoIUNI |
| 005 - FECHA Y HORA DE LA ÚLTIMA TRANSACCIÓN | |
| campo de control | 20211213161654.0 |
| 008 - DATOS DE LONGITUD FIJA--INFORMACIÓN GENERAL | |
| campo de control de longitud fija | 200316s2019 mx 001 0 spa d |
| 020 ## - NÚMERO INTERNACIONAL ESTÁNDAR DEL LIBRO | |
| Número Internacional Estándar del Libro | 9786074487213 |
| 040 ## - FUENTE DE LA CATALOGACIÓN | |
| Centro catalogador/agencia de origen | UPCO |
| Centro/agencia transcriptor | AR-RoIUNI |
| 080 ## - NÚMERO DE LA CLASIFICACIÓN DECIMAL UNIVERSAL | |
| Número de la Clasificación Decimal Universal | 617-089 NEM |
| 100 1# - ENTRADA PRINCIPAL--NOMBRE DE PERSONA | |
| Nombre de persona | Nemitz, Renee. |
| 245 10 - MENCIÓN DE TÍTULO | |
| Título | Instrumental quirúrgico |
| Mención de responsabilidad, etc. | Renee Nemitz ; traducción Juan Roberto Palacios Martínez ; revisión técnica Judith Victoria Rosas Gómez ; editor responsable Martín Martínez Moreno. |
| 250 ## - MENCIÓN DE EDICIÓN | |
| Mención de edición | 2a. ed. |
| 260 ## - PUBLICACIÓN, DISTRIBUCIÓN, ETC. (PIE DE IMPRENTA) | |
| Lugar de publicación, distribución, etc. | México D.F. : |
| Nombre del editor, distribuidor, etc. | Editorial El Manual Moderno, |
| Fecha de publicación, distribución, etc. | [2019] |
| 300 ## - DESCRIPCIÓN FÍSICA | |
| Extensión | XII, 364 . : |
| Otras características físicas | il. ; |
| Dimensiones | 28 cm |
| 650 10 - PUNTO DE ACCESO ADICIONAL DE MATERIA--TÉRMINO DE MATERIA | |
| Término de materia o nombre geográfico como elemento inicial | Instrumentación Quirúrgica |
| 9 (RLIN) | 589 |
| 942 ## - ELEMENTOS DE PUNTO DE ACCESO ADICIONAL (KOHA) | |
| Fuente del sistema de clasificación o colocación | Clasificación Decimal Universal |
| Tipo de ítem Koha | Libros |
| Estado de retiro | Estado de pérdida | Fuente del sistema de clasificación o colocación | Estado dañado | Excepción de préstamo | Código de colección | Localización permanente | Ubicación/localización actual | Ubicación en estantería | Fecha de adquisición | Fuente de adquisición | Total de préstamos | Signatura topográfica completa | Fecha visto por última vez | Precio válido a partir de | Tipo de ítem Koha | Número de inventario | Código de barras |
|---|---|---|---|---|---|---|---|---|---|---|---|---|---|---|---|---|---|
| Clasificación Decimal Universal | Enfermería Firmat | BIBLIOTECA FIRMAT | BIBLIOTECA FIRMAT | BIBLIOTECA FIRMAT | 13/12/2021 | Compra | 617-089 NEM | 13/12/2021 | 13/12/2021 | Libros | |||||||
| Clasificación Decimal Universal | Enfermería Firmat | BIBLIOTECA FIRMAT | BIBLIOTECA FIRMAT | BIBLIOTECA FIRMAT | 13/12/2021 | Compra | 617-089 NEM | 13/12/2021 | 13/12/2021 | Libros | 7037 | 7037 |

